000 00763nam a2200301Ia 4500
001 Z_4655
003 CHAP
008 220113s2000 xx 000 0 und d
010 _a167730
040 _cCHAP
082 _a636.08 G8
100 _aGuessous, F
_951293
245 _aLivestock production and climatic uncertainty in the Mediterranean /
_cpor F Guessous, N. Rihani and A. Ilham
260 _aWageningen, The Netherlan :
_bWageningen,
_c2000
300 _a393 p.
440 _a
500 _a
503 _a216769
650 _aGanaderĂ­a
_944604
650 _aGanado
_xCongresos
_9141998
650 _aIndustrias pecuarias
_958022
901 _a636.08 G8
902 _aA
910 _a2000
942 _c1
942 _cc1
999 _c167730
_d167730